000 00559nam a2200229Ia 4500
003 OSt
005 20221005123646.0
006 a|||||r|||| 00| 0
007 ta
008 221004b |||||||| |||| 00| 0 san d
024 _a53802
037 _cTextual
040 _aCRL
_cCRL
_bsan
041 _2san
_asan
082 _aO15,2D35,2, 32J0
100 _aBhasan Au.
245 0 _aMadhyama vyayogam
260 _c1950
650 _aSANSKRIT DRAMA
942 _hO15,2D35,2, 32J0
_cTEXL
_2cc
999 _c1048050
_d1048050